| 000 | 01055cam a22003011 4500 | ||
|---|---|---|---|
| 001 | he 67001529 | ||
| 003 | DLC | ||
| 005 | 20260227111448.0 | ||
| 008 | 870526s1966 is ag bf 000 0 heb | ||
| 010 | _ahe 67001529 | ||
| 035 | _a(OCoLC)15730346 | ||
| 040 |
_aDLC _cTxU _dTxU _dOCoLC _dDLC |
||
| 042 | _apremarc | ||
| 050 | 0 | 0 |
_aLB1564.I65 _bL495 |
| 100 | 1 |
_aLevy, Jacob M., _eed. |
|
| 245 | 1 | 0 |
_aMadrikh le-khitah vav. _cʻArukh bi-yede Yaʻakov Levi, Uri Blum ve-Mosheh Avigal. Ḥevre ha-maʻarekhet: Leʻah Alterman, Mosheh Ḥalfan [ve] Yaʻakov Niv. |
| 250 | _aMahad. ḥadashah ve-metukenet. | ||
| 260 |
_aTel Aviv, _bTarbut ve-Ḥinukh, _c727 [1966] |
||
| 300 |
_a500 p. _billus., music. _c25 cm. |
||
| 440 | 0 |
_aSidrat madrikhim, _v6 |
|
| 500 | _a"Urim" mador le-sefarim pedagogiyim. | ||
| 504 | _aBibliographical footnotes. | ||
| 650 | 0 |
_aEducation _zIsrael. |
|
| 650 | 0 | _aEducation, Elementary. | |
| 650 | 0 |
_aTeachers _vHandbooks, manuals, etc. |
|
| 700 | 1 |
_aBlum, Uri, _d1904- _ejoint ed. |
|
| 700 | 1 |
_aAvigal, Moshe, _d1886- _ejoint ed. |
|
| 999 |
_c32538 _d32538 |
||